Cuckoo : a play /

Bibliographic Details
Main Author: Williams, Emlyn, 1905-1987
Format: Book
Language:English
Published: London ; New York : S. French, [1986]

MARC

Tag First Indicator Second Indicator Subfields
LEADER 00000cam a2200000 a 4500
001 in00000030137
005 20151007060213.0
008 871210s1986 enk 00010 eng
010 |a  87209436  
020 |a 0573016496 (pbk.) 
035 |a (OCoLC)18192297 
035 |9 AAC0286AM 
040 |a DLC  |c DLC  |d TXA  |d UtOrBLW 
049 |a TXAM  |c [A11508181] 
050 0 0 |a PR6045.I52  |b C83 1986 
082 0 |a 822/.912  |2 19 
100 1 |a Williams, Emlyn,  |d 1905-1987. 
245 1 0 |a Cuckoo :  |b a play /  |c Emlyn Williams. 
264 1 |a London ;  |a New York :  |b S. French,  |c [1986] 
264 4 |c ©1986 
300 |a ii, 67 pages ;  |c 22 cm. 
336 |a text  |b txt  |2 rdacontent 
337 |a unmediated  |b n  |2 rdamedia 
338 |a volume  |b nc  |2 rdacarrier 
999 |a MARS 
999 f f |s 0c47124e-f0d0-3cda-bed5-3820bcd9f884  |i e1498fa8-92aa-35a7-a8c1-a1c0a41edc4e  |t 0 
952 f f |p ric  |a Texas A&M University  |b Rellis Campus  |c Joint Library Facility  |d Remote Storage  |t 0  |e PR6045.I52 C83 1986  |h Library of Congress classification  |i unmediated -- volume  |m A14811508181 
998 f f |a PR6045.I52 C83 1986  |t 0  |l Remote Storage